| 000 | 00702nam a2200205 a 4500 | ||
|---|---|---|---|
| 001 | 000023062 | ||
| 005 | 20250512110523.0 | ||
| 008 | 101125s1989 cu a r 000 0 spa d | ||
| 040 |
_aDO-SdBNP _bspa _cBNPHU |
||
| 082 |
_a520 _bM562i |
||
| 100 | 1 |
_aMerino Brito, Eloy G. _947475 |
|
| 245 | 1 | 0 |
_aIniciación a la astronomía / _cEloy G Merino Brito ; edición Raisa Barrero Rodríguez. |
| 260 |
_aLa Habana, Cuba : _bEditorial Científico Técnica, _c1989. |
||
| 300 |
_a270 p. : _bil. ; _c18 cm. |
||
| 500 | _aIncluye referencias bibliografía: p. 268 | ||
| 650 | 0 |
_aAstronomía _925809 |
|
| 650 | 4 |
_aAstronomía del espacio _947476 |
|
| 700 | 1 |
_aBarrero Rodríguez, Raisa _eed. _947477 |
|
| 049 | _aBNGR | ||
| 999 |
_c22559 _d22559 |
||